| 000 | 00651nam a2200229Ia 4500 | ||
|---|---|---|---|
| 003 | OSt | ||
| 005 | 20220928112526.0 | ||
| 006 | a|||||r|||| 00| 0 | ||
| 007 | ta | ||
| 008 | 220927b |||||||| |||| 00| 0 eng d | ||
| 024 | _a42418 | ||
| 037 | _cTextual | ||
| 040 |
_aSDCL _cSDCL _beng |
||
| 041 |
_2eng _aeng |
||
| 082 | _aV2,8, K9 | ||
| 100 |
_aTaub Richard P _9428573 |
||
| 245 | 0 |
_aBureaucrats under stress _b Administrators and administration in an Indian state |
|
| 260 |
_aCalcutta _bFirma K L Mukhopadhyay _c1969 |
||
| 300 |
_aix235p _ccm. |
||
| 942 |
_hV2,8, K9 _cTEXL _2CC |
||
| 999 |
_c745122 _d745122 |
||